|
|
Lyrics |
made | | 13.1% | through, | | 12.8% | hard | | 12.4% | gonna | | 11.8% | dear | | 10.9% | alone, | | 10.9% | Hey | | 10.3% | Hey | | 10.3% | Hey | | 10.3% | Hey | | 10.3% | hopin' | | 9.7% | strong, | | 9.5% | fellas, | | 9.5% | Fellas, | | 9.5% | Fellas, | | 9.5% | Yeah! | | 9.5% | gentlemen, | | 8.8% | baby's | | 8.8% | baby's | | 8.8% | baby's | | 8.8% | Dearest | | 8.2% | lift | | 8.2% | drink | | 8.2% | beer, | | 8.2% | drink | | 8.2% | beer, | | 8.2% | mood, | | 8% | Tonight's | | 8% | tough | | 8% | attitude, | | 7.8% | Boys,, | | 7.6% | boys, | | 7.6% | guys, | | 7.4% | guys, | | 7.4% | The Great Mouse Detective | | 7.4% | rough | | 7.2% | feelin' | | 6.7% | talkin' | | 6.3% | to you, | | 6.1% | sailors | | 5.9% | cosy, | | 5.7% | bums, | | 5.7% | cosy, | | 5.7% | misunderstood, | | 5.7% | cosy, | | 5.7% | chums, | | 5.1% | blues, | | 5.1% |
|
Comments